Statistics for U.S. Counties with Three Letters

Click here to take the quiz!

General Stats

  • This quiz has been taken 77 times
  • The average score is 4 of 14

Answer Stats

State County % Correct
AlabamaLee
66%
IdahoAda
60%
IowaIda
47%
NevadaNye
45%
FloridaBay
41%
IndianaJay
26%
KansasElk
24%
New MexicoLea
24%
OklahomaKay
22%
MissouriRay
22%
TexasBee
19%
South DakotaDay
17%
IdahoGem
17%
IowaSac
14%

Score Distribution

Percentile by Number Answered

Percent of People with Each Score

Your Score History

You have not taken this quiz